Formula 1 2020 Driver Standings - Statistics

General Stats
  • This quiz has been taken 522 times
  • The average score is 15 of 23
Answer Stats
Position Points Driver % Correct
1st 347 Lewis Hamilton
100%
3rd 214 Max Verstappen
98%
2nd 223 Valtteri Bottas
98%
4th 125 Sergio Pérez
87%
5th 119 Daniel Ricciardo
78%
6th 105 Carlos Sainz Jr.
76%
8th 98 Charles Leclerc
70%
9th 97 Lando Norris
70%
10th 75 Pierre Gasly
66%
7th 105 Alexander Albon
65%
13th 33 Sebastian Vettel
63%
11th 75 Lance Stroll
60%
12th 62 Esteban Ocon
58%
18th 3 George Russell
55%
21st 0 Nicholas Latifi
54%
14th 32 Daniil Kvyat
50%
20th 1 Kevin Magnussen
50%
16th 4 Kimi Räikkönen
50%
19th 2 Romain Grosjean
50%
23rd 0 Pietro Fittipaldi
48%
17th 4 Antonio Giovinazzi
46%
22nd 0 Jack Aitken
46%
15th 10 Nico Hülkenberg
44%
No matching quizzes found
Score Distribution
Percent of People with Each Score
Percentile by Number Answered
Your Score History
You have not taken this quiz